=LDR 00000nam 2200000 4500 =001 INLIS000000000007444 =005 20130612095437 =008 ***********************************Ind** =035 ##$$0010-061300000007444 =041 ##$$a Ind =082 ##$$a 512.53 =090 ##$$a 512.53, Dew p =100 ##$$a DEWANTO, Stanley P =245 ##$$a Pandai bermatematika Untuk SLTA, Stanley P. Dewanto. -- =260 ##$$a 1999 $b Jakarta =300 ##$$a 165 hlm, ilus, 24 cm =650 ##$$a Matematika - Aljabar =850 ##$$a NBPNMAT